书目信息 |
| 题名: |
党的组织工作实用手册
|
|
| 作者: | 中央金融工委组织部 编 | |
| 分册: | ||
| 出版信息: | 北京 中共中央党校出版社 1999.06 |
|
| 页数: | 364页 | |
| 开本: | 32开 | |
| 丛书名: | ||
| 单 册: | ||
| 中图分类: | D262.2-62 | |
| 科图分类: | ||
| 主题词: | 中国共产党 | |
| 电子资源: | ||
| ISBN: | 7-5035-1968-1 | |
| 000 | 00625nam0 2200193 45 | |
| 001 | 0008041194 | |
| 005 | 20000804111054.5 | |
| 010 | @a7-5035-1968-1@d19.80元 | |
| 100 | @a20000804d1999 km y0chiy0120 ea | |
| 101 | 0 | @achi |
| 105 | @a z 000yy | |
| 200 | 1 | @a党的组织工作实用手册@ADang De Zu Zhi Gong Zuo Shi Yong Shou Ce@f中央金融工委组织部编@FZhong Yang Jin Rong Gong Wei Zu Zhi Bu Bian |
| 210 | @a北京@c中共中央党校出版社@d1999.06 | |
| 215 | @a364页@d32开 | |
| 606 | 0 | @a中国共产党 |
| 690 | @aD262.2-62@v3 | |
| 701 | 0 | @a中央金融工委组织部@4编 |
| 801 | @aCN@bPftUser@c20000804 | |
| 905 | @b87461-463@dD262.2-62@eZH:361@f3 | |
| 党的组织工作实用手册/中央金融工委组织部编.-北京:中共中央党校出版社,1999.06 |
| 364页;32开 |
| ISBN 7-5035-1968-1:19.80元 |
| ● |
| 相关链接 |
|
|
|
正题名:党的组织工作实用手册
索取号:D262.2-62/ZH:361
 
预约/预借
| 序号 | 登录号 | 条形码 | 馆藏地/架位号 | 状态 | 备注 |
| 1 | 87461 | 200874615 | 社科库509/509社科库 69排6列2层/ [索取号:D262.2-62/ZH:361] | 在馆 | |
| 2 | 87462 | 200874624 | 社科库509/509社科库 69排6列2层/ [索取号:D262.2-62/ZH:361] | 在馆 | |
| 3 | 87463 | 200874633 | 社科库509/509社科库 69排6列2层/ [索取号:D262.2-62/ZH:361] | 在馆 |